00321nam a2200121Ia 4500008004100000041000800041082001500049100001800064245004500082260002700127300003200154365001300186240624s9999 xx 000 0 und d aeng a005.74 KIM aKIMBALL RALPH aKIMBALL GROUP READER PRACTICAL TOOLS FOR c2016aNew DelhibWiley axxix, : 882 : p. : cm. ; 23 cRSb27.5